| 000 | 00633nam a2200217Ia 4500 | ||
|---|---|---|---|
| 003 | OSt | ||
| 005 | 20241126105442.0 | ||
| 008 | 210716s1990 xx 000 0 und d | ||
| 020 | _a0385298919 | ||
| 040 | _cAIMIT LIBRARY | ||
| 041 | _aeng | ||
| 082 |
_a808.83 _21 _bANDC |
||
| 100 |
_aAndersen, Christopher. _9186575 |
||
| 245 |
_aYoun kate / _cBy Christopher Andersen |
||
| 250 | _a1st ed. | ||
| 260 |
_aNew York : _bDell Publishing Co ; _c1990. |
||
| 300 |
_a270p. ; _bPB _c20 cm. |
||
| 650 |
_aBeing a girl was a torment _9186576 |
||
| 650 |
_aGoing to live with uncle amory _9186577 |
||
| 942 |
_2ddc _cBK _e1st ed. _k808.83 ANDC |
||
| 999 |
_c200097 _d200097 |
||